[Event "Cortina d'Ampezzo op 1st"]
[Site "Cortina d'Ampezzo"]
[Date "2012.09.21"]
[Round "5"]
[White "Velluti, Alberto"]
[Black "Gaspari, Mauro"]
[Result "0-1"]
[WhiteElo "1950"]
[BlackElo "1966"]
[PlyCount "92"]
[EventDate "2012.09.18"]
[EventType "swiss"]
[EventRounds "7"]
[EventCountry "ITA"]
[SourceTitle "CBM 150 Extra"]
[Source "ChessBase"]
[SourceDate "2012.10.19"]
[SourceVersion "1"]
[SourceVersionDate "2012.10.19"]
[SourceQuality "1"]

1. e4 d6 2. d4 Nf6 3. Nc3 g6 4. Be3 c6 5. f3 Nbd7 6. Bc4 Nb6 7. Bb3 d5 8. e5 Nh5 9. Nge2 Nc4 10. Bxc4 dxc4 11. Qd2 Be6 12. Ne4 Bd5 13. N2c3 Ng7 14. Bh6 Nf5 15. Bxf8 Rxf8 16. g4 Bxe4 17. Nxe4 Nxd4 18. 0-0-0 Ne6 19. Qb4 Qc7 20. Rhe1 Rd8 21. Rxd8+ Kxd8 22. Nc5 Nxc5 23. Qxc5 b5 24. Qe3 Kc8 25. e6 f5 26. g5 Rd8 27. Rd1 Rxd1+ 28. Kxd1 Qd6+ 29. Kc1 Kb7 30. f4 Qd5 31. h3 c5 32. c3 Kc6 33. Qe1 Kd6 34. Qh4 Qxe6 35. Qxh7 Qe1+ 36. Kc2 Qe4+ 37. Kd1 Qb1+ 38. Ke2 Qxb2+ 39. Kd1 Qb1+ 40. Ke2 Qe4+ 41. Kd1 Qd3+ 42. Ke1 Qxc3+ 43. Kd1 Qd3+ 44. Ke1 Qe3+ 45. Kd1 c3 46. Qxg6+ e6 0-1

[Event "Cesenatico op 16th"]
[Site "Cesenatico"]
[Date "2012.09.02"]
[Round "2"]
[White "Lain, Luigi"]
[Black "Gaspari, Mauro"]
[Result "1-0"]
[WhiteElo "2212"]
[BlackElo "1966"]
[PlyCount "55"]
[EventDate "2012.09.01"]
[EventType "swiss"]
[EventRounds "9"]
[EventCountry "ITA"]
[SourceTitle "CBM 150 Extra"]
[Source "ChessBase"]
[SourceDate "2012.10.19"]
[SourceVersion "1"]
[SourceVersionDate "2012.10.19"]
[SourceQuality "1"]

1. d4 d6 2. c4 e5 3. d5 Nf6 4. Nc3 Bf5 5. f3 e4 6. Qd4 Nbd7 7. g4 Bg6 8. g5 Nh5 9. Nxe4 Be7 10. f4 0-0 11. Bh3 Bxe4 12. Qxe4 Nc5 13. Qd4 a5 14. Bg4 Nf6 15. Bf3 a4 16. Bd2 Nfd7 17. Bc3 f6 18. h4 Re8 19. e4 c6 20. Ne2 cxd5 21. exd5 Ne5 22. fxe5 fxe5 23. Qe3 e4 24. Bg4 Qb6 25. Be6+ Kh8 26. Bxg7+ Kxg7 27. Qc3+ Kg6 28. Nf4# 1-0

[Event "Emilia Romagna Province-ch"]
[Site "Formigine"]
[Date "2007.05.01"]
[Round "6"]
[White "Chiarion, Elisa"]
[Black "Gaspari, Mauro"]
[Result "1/2-1/2"]
[WhiteElo "1769"]
[BlackElo "1894"]
[PlyCount "152"]
[EventDate "2007.04.28"]
[EventType "swiss"]
[EventRounds "6"]
[EventCountry "ITA"]
[SourceTitle "EXT 2009"]
[Source "ChessBase"]
[SourceDate "2008.11.26"]
[SourceVersion "1"]
[SourceVersionDate "2008.11.26"]
[SourceQuality "1"]

1. e4 d6 2. d4 Nf6 3. Nc3 g6 4. f4 Bg7 5. Nf3 0-0 6. Be2 c6 7. a4 Na6 8. 0-0 Nb4 9. a5 Qc7 10. h3 Rd8 11. Be3 Nh5 12. Nh4 Ng3 13. Rf3 Nxe2+ 14. Qxe2 d5 15. f5 dxe4 16. Nxe4 Nd5 17. Bf2 Nf4 18. Qd2 Nh5 19. fxg6 hxg6 20. Ng5 Rf8 21. Re1 Qd6 22. Qe3 e6 23. c3 Bd7 24. Ne4 Qe7 25. Nc5 b6 26. Nxd7 Qxd7 27. Qg5 Qd8 28. Qxd8 Rfxd8 29. Be3 Bf6 30. Rxf6 Nxf6 31. Bg5 Kg7 32. Rf1 Ne4 33. Bxd8 Rxd8 34. axb6 axb6 35. Ra1 Rd7 36. Nf3 f6 37. Re1 f5 38. Ne5 Rc7 39. Ra1 c5 40. Ra6 Rb7 41. Nc4 cxd4 42. cxd4 b5 43. Na5 Rd7 44. Nb3 Rd6 45. Ra5 Rb6 46. Kf1 Kf6 47. Ke2 Nd6 48. Nd2 e5 49. Kd3 e4+ 50. Kc3 e3 51. Nf3 Nc4 52. Ra1 f4 53. b3 Nd6 54. d5 Nf5 55. Kb4 Rb8 56. Ra6+ Ke7 57. Rxg6 Ng3 58. h4 Rc8 59. Rc6 Rd8 60. Re6+ Kd7 61. Kxb5 Rb8+ 62. Kc4 Rc8+ 63. Rc6 Rxc6+ 64. dxc6+ Kxc6 65. Kd4 Kd6 66. b4 Ke6 67. b5 e2 68. b6 Nf5+ 69. Ke4 Nxh4 70. Nd4+ Kd6 71. Nxe2 Nxg2 72. Nd4 Kd7 73. Kd5 Ne3+ 74. Kc5 Kc8 75. Kc6 Nc4 76. b7+ Kb8 1/2-1/2